000 00299nam a22001337a 4500
020 _a978-93-5275-185-3
082 _a001
_bKUR/S
100 _aSCHOLASTIC
245 _aYEARBOOK 2018
260 _aGURGAON
_bSCHOLASTIC INDIA
_c2017
300 _a256
650 _aGENERAL KNOWLEDGE
_zINDIA
942 _cBK
999 _c6681
_d6681